Introduction to probability & statistics

Bibliographic Details
Main Author: Heng Chai Yen
Other Authors: Mohd Daud Hassan, Ng Lik Neo
Format: Book
Published: Petaling Jaya : Prentice Hall , 2003
Subjects:

MARC

LEADER 00000cam a2200000 7i4500
001 0000015179
005 20050701.0
020 |a 9832639387 
040 |a INS 
090 0 0 |a TA330   |b H511 2003 
100 1 |a Heng Chai Yen 
245 1 0 |a Introduction to probability & statistics   |c Heng Chai Yen 
260 |a Petaling Jaya :   |b Prentice Hall ,   |c 2003 
300 |a viiip :   |b 306p ;   |c 24cm. 
650 0 0 |a Probabilities   |x Statistics 
700 0 |a Mohd Daud Hassan 
700 0 |a Ng Lik Neo 
999 |a 0000014724   |b BOOK   |c Open Shelf   |e Default branch